El proceso de la neutralidad Guatemalteca 1982-1987 /
Kaydedildi:
| Yazar: | |
|---|---|
| Materyal Türü: | Metin |
| Etiketler: |
Etiketle
Etiket eklenmemiş, İlk siz ekleyin!
|
MARC
| LEADER | 00000 a a2200000 04500 | ||
|---|---|---|---|
| 001 | 45353 | ||
| 003 | |||
| 040 | |||
| 090 | |a REV0780 (20)1987 | ||
| 100 | |a González Davison, Fernando | ||
| 245 | |a El proceso de la neutralidad Guatemalteca 1982-1987 / |c Fernando González Davison | ||
| 773 | |g número20, III Epoca, (Enero - Junio, 1987), páginas 33-113 | ||
| 999 | |c 21815 |d 21815 | ||
